[Event "XXXIX Torneo di Capodanno"]
[Site "Reggio nell'Emilia ITA"]
[Date "1997.01.04"]
[Round "9"]
[White "Razuvaev, Yuri S."]
[Black "Mantovani, Renzo"]
[Result "1-0"]
[WhiteElo "2560"]
[BlackElo "2360"]
[PlyCount "124"]
[EventDate "1996.12.26"]

1. c4 c5 2. Nf3 Nf6 3. Nc3 Nc6 4. d4 cxd4 5. Nxd4 g6 6. e4 d6 7. Be2 Nxd4 8.
Qxd4 Bg7 9. Be3 O-O 10. Qd2 Be6 11. Rc1 Qa5 12. f3 Rfc8 13. b3 a6 14. Na4 Qxd2+
15. Kxd2 Nd7 16. g4 f5 17. exf5 gxf5 18. h3 Rc7 19. Rhg1 Rf8 20. f4 Nc5 21. Nc3
fxg4 22. hxg4 b5 23. f5 b4 24. Nd1 Bc8 25. Nf2 a5 26. Bd3 a4 27. Bc2 axb3 28.
axb3 Bb7 29. Nd3 Bc3+ 30. Ke2 Ra8 31. Nxc5 dxc5 32. Rcd1 Bc6 33. g5 Ra2 34.
Rd8+ Kg7 35. Kd3 Rxc2 36. f6+ exf6 37. gxf6+ Kxf6 38. Rf1+ Kg7 39. Kxc2 Be4+
40. Kd1 Ra7 41. Bxc5 Ra2 42. Rf4 Bc2+ 43. Ke2 Bxb3+ 44. Ke3 h5 45. Bf8+ Kg6 46.
Rd6+ Kh7 47. c5 Ra8 48. c6 Be5 49. Rd7+ Kg6 50. Re4 Kf5 51. Bxb4 Rc8 52. Bd6
Bf6 53. c7 Be6 54. Rh7 Bg5+ 55. Bf4 Kg6 56. Rxe6+ Kxh7 57. Rc6 Bxf4+ 58. Kxf4
Kg7 59. Ke5 h4 60. Kd6 h3 61. Kd7 h2 62. Rc1 Rh8 1-0

[Event "XXXIX Torneo di Capodanno"]
[Site "Reggio nell'Emilia ITA"]
[Date "1997.01.04"]
[Round "9"]
[White "Romanishin, Oleg M."]
[Black "Belotti, Bruno"]
[Result "1-0"]
[WhiteElo "2555"]
[BlackElo "2400"]
[PlyCount "63"]
[EventDate "1996.12.26"]

1. d4 Nf6 2. Nf3 e6 3. g3 c5 4. Bg2 d5 5. O-O cxd4 6. Nxd4 e5 7. Nb3 a5 8. a4
h6 9. Nc3 Be6 10. f4 exf4 11. gxf4 g6 12. Kh1 Bg7 13. Nc5 O-O 14. Nxe6 fxe6 15.
e4 dxe4 16. Qxd8 Rxd8 17. Nxe4 Nbd7 18. Nxf6+ Bxf6 19. Bxb7 Rab8 20. Bc6 Nc5
21. Bb5 Rbc8 22. Ra3 Kf7 23. Re3 Rd4 24. c3 Rd6 25. Re2 Nb3 26. Be3 Bd8 27. Rg2
Bb6 28. Bxb6 Rxb6 29. Rfg1 Rg8 30. f5 g5 31. fxe6+ Ke7 32. Rf1 1-0